|
|
|
|
| LEADER |
00699cam a2200169 7i4500 |
| 001 |
0000024959 |
| 005 |
20100816090000.0 |
| 020 |
0 |
0 |
|a 978-983-9827-24-8
|
| 090 |
0 |
0 |
|a M 378
|b MAL
|
| 110 |
2 |
0 |
|a Malaysian Administrative Modernisation and Management Planning Unit (MAMPU)
|
| 245 |
2 |
0 |
|a Guidebook :
|b getting started Private Higher Education Institution (PHEI) :
|b getting started Private Higher Education Institution (PHEI) :
|b business in Malaysia.
|
| 260 |
0 |
0 |
|a Putrajaya:
|b MAMPU,
|c 2009.
|
| 300 |
# |
# |
|a 86 p.
|
| 650 |
0 |
0 |
|a Higher education --
|x Guidebooks --
|z Malaysia
|
| 650 |
0 |
0 |
|a Education --
|x Guidebooks --
|z Malaysia
|
| 651 |
0 |
0 |
|a Malaysia
|
| 999 |
|
|
|a 0000027408
|b Book
|c Countries
|e Business Information Centre
|